|
|
|
|
| LEADER |
00835cam a2200229 7i4500 |
| 001 |
0000038127 |
| 005 |
20170721090000.0 |
| 020 |
|
|
|a 9781560236825 (hbk.)
|
| 020 |
|
|
|a 9781560236832 (pbk.)
|
| 090 |
0 |
0 |
|a LC1390
|b .P34 2009
|
| 245 |
0 |
4 |
|a The problem with boys' education :
|b beyond the backlash
|c edited by Wayne Martino, Michael Kehler, and Marcus Weaver-Hightower.
|
| 260 |
|
|
|a New York:
|b Routledge,
|c 2009.
|
| 300 |
|
|
|a xxii, 290 p.;
|c 24 cm.
|
| 650 |
0 |
0 |
|a Sex differences in education
|
| 650 |
0 |
0 |
|a Men --
|x Identity
|
| 650 |
0 |
0 |
|a Boys --
|x Education
|
| 700 |
1 |
|
|a Weaver-Hightower, Marcus B.
|
| 700 |
1 |
|
|a Kehler, Michael
|
| 700 |
1 |
|
|a Martino, Wayne
|
| 997 |
|
|
|a Education & Social Sciences, Faculty
|b Education, Department
|
| 998 |
|
|
|a Doctor of Education (Ed. D)
|
| 999 |
|
|
|a 0000051311
|b BOK
|c OPEN SHELF
|e 1st Floor, Shah Alam
|